[Event "Windsor NAYCC U14"]
[Site "Windsor"]
[Date "2016.08.11"]
[Round "8.57"]
[White "Nakada, Akira W"]
[Black "Shlionsky, Aaron"]
[Result "0-1"]
[WhiteElo "1904"]
[BlackElo "2204"]
[PlyCount "160"]
[EventDate "2016.08.07"]
[EventType "swiss"]
[EventRounds "9"]
[EventCountry "CAN"]
[SourceTitle "EXT 2022"]
[Source "ChessBase"]
[SourceDate "2021.10.06"]
[SourceVersion "1"]
[SourceVersionDate "2021.10.06"]
[SourceQuality "1"]

1. d4 Nf6 2. c4 e6 3. Nc3 Bb4 4. e3 0-0 5. Bd3 c5 6. Nf3 d5 7. 0-0 dxc4 8. Bxc4 Nc6 9. a3 Bxc3 10. bxc3 Qc7 11. Bb2 e5 12. h3 h6 13. Ba2 Rd8 14. Qe2 Qe7 15. Rad1 Be6 16. c4 cxd4 17. exd4 exd4 18. Nxd4 Nxd4 19. Rxd4 Rxd4 20. Bxd4 Rd8 21. Qe3 b6 22. c5 Rxd4 23. Qxd4 Bxa2 24. c6 Qc7 25. Rc1 Be6 26. f4 Ne8 27. Qe4 Nf6 28. Qd4 h5 29. Qe5 Qxe5 30. fxe5 Nd5 31. c7 Ne7 32. Rd1 Kh7 33. Rd6 Kg6 34. Rd1 Kf5 35. Re1 Bc8 36. Kf2 Nd5 37. Kg3 Ke6 38. Kh4 Nxc7 39. Rc1 Kd7 40. Kxh5 Ne6 41. Kg4 Nc5 42. Rd1+ Ke6 43. Kf4 Ba6 44. Rd6+ Ke7 45. Rd1 Nd3+ 46. Kf5 g6+ 47. Kg5 Ke6 48. Rf1 Nxe5 49. Re1 Bb7 50. Kf4 f6 51. g4 g5+ 52. Kg3 Kd6 53. Rf1 Nf3 54. Rd1+ Bd5 55. Rc1 Nd2 56. Rc8 Kd7 57. Rf8 a5 58. Kf2 Ke6 59. Rb8 Nc4 60. Ke2 Be4 61. Kf2 Ke5 62. Kg3 Bc6 63. h4 gxh4+ 64. Kxh4 b5 65. Rc8 Bd7 66. Rc7 Kd6 67. Ra7 a4 68. Ra6+ Ke5 69. Ra7 Be6 70. g5 fxg5+ 71. Kh5 Nxa3 72. Ra5 Bc4 73. Ra8 Nc2 74. Re8+ Kd4 75. Rd8+ Kc3 76. Rb8 a3 77. Ra8 a2 78. Kxg5 a1Q 79. Rxa1 Nxa1 80. Kf4 b4 0-1

[Event "Windsor NAYCC U14"]
[Site "Windsor"]
[Date "2016.08.10"]
[Round "7.57"]
[White "Shlionsky, Aaron"]
[Black "Titus, Andrew L"]
[Result "1/2-1/2"]
[WhiteElo "2204"]
[BlackElo "2143"]
[PlyCount "74"]
[EventDate "2016.08.07"]
[EventType "swiss"]
[EventRounds "9"]
[EventCountry "CAN"]
[SourceTitle "EXT 2022"]
[Source "ChessBase"]
[SourceDate "2021.10.06"]
[SourceVersion "1"]
[SourceVersionDate "2021.10.06"]
[SourceQuality "1"]

1. e4 c5 2. Nf3 d6 3. Bb5+ Nd7 4. d4 cxd4 5. Qxd4 a6 6. Bxd7+ Bxd7 7. 0-0 e5 8. Qd3 Rc8 9. c4 b5 10. Na3 bxc4 11. Nxc4 Qc7 12. b3 Be6 13. Nfd2 Nf6 14. Ba3 d5 15. exd5 Nxd5 16. Bxf8 Kxf8 17. Rfe1 f6 18. g3 Nb4 19. Qc3 Nc6 20. Ne3 Nd4 21. Qxc7 Rxc7 22. Kg2 Kf7 23. Ndc4 h5 24. Rac1 Rd7 25. h4 Rhd8 26. Nb6 Rb7 27. Na4 Bd7 28. Nc5 Bc6+ 29. Kf1 Rc7 30. a4 Rdc8 31. Nc4 Ra8 32. b4 Kg8 33. Nb6 Rd8 34. Nc4 Bd7 35. Kg2 Bc6+ 36. Kf1 Bd7 37. Kg2 Bc6+ 1/2-1/2

[Event "Windsor NAYCC U14"]
[Site "Windsor"]
[Date "2016.08.08"]
[Round "2.65"]
[White "Liang, Hairan"]
[Black "Shlionsky, Aaron"]
[Result "0-1"]
[WhiteElo "2002"]
[BlackElo "2204"]
[PlyCount "98"]
[EventDate "2016.08.07"]
[EventType "swiss"]
[EventRounds "9"]
[EventCountry "CAN"]
[SourceTitle "EXT 2022"]
[Source "ChessBase"]
[SourceDate "2021.10.06"]
[SourceVersion "1"]
[SourceVersionDate "2021.10.06"]
[SourceQuality "1"]

1. e4 e5 2. Nf3 Nc6 3. d4 exd4 4. Nxd4 Bc5 5. Be3 Qf6 6. c3 Nge7 7. Bc4 Ne5 8. Be2 Qg6 9. 0-0 d6 10. f3 0-0 11. Kh1 d5 12. Nd2 dxe4 13. fxe4 Bg4 14. Nf5 Bxe2 15. Qxe2 Bd6 16. Nc4 Nxf5 17. exf5 Qg4 18. Qxg4 Nxg4 19. Bd4 Nxh2 20. Rfe1 Ng4 21. Nxd6 cxd6 22. Re7 b6 23. Rae1 f6 24. Rd7 Rfd8 25. Ree7 Rxd7 26. Rxd7 Nh6 27. Rxd6 Nxf5 28. Rd7 Kf8 29. g4 Nxd4 30. cxd4 a5 31. d5 Re8 32. d6 Re6 33. Kg2 h6 34. Kf3 g5 35. Rh7 Rxd6 36. Rxh6 Kf7 37. Rh2 Rd3+ 38. Ke2 Rg3 39. Rh7+ Ke6 40. Kf2 Rxg4 41. Rb7 Rb4 42. b3 Kf5 43. Kg3 Ke5 44. Re7+ Kd6 45. Re8 a4 46. bxa4 Rxa4 47. Rb8 Rb4 48. Rf8 Ke6 49. Re8+ Kf5 0-1

[Event "USA tt"]
[Site "ICC INT"]
[Date "2015.10.13"]
[Round "8"]
[White "Shlionsky, Aaron"]
[Black "Shi, Jason"]
[Result "0-1"]
[WhiteElo "2087"]
[BlackElo "2057"]
[PlyCount "138"]
[EventDate "2015.08.25"]
[EventType "team-swiss"]
[EventRounds "10"]
[EventCountry "USA"]
[SourceTitle "EXT 2017"]
[Source "ChessBase"]
[SourceDate "2016.10.25"]
[SourceVersion "1"]
[SourceVersionDate "2016.10.25"]
[SourceQuality "1"]
[WhiteTeam "New Jersey"]
[BlackTeam "Connecticut"]
[WhiteTeamCountry "USA"]
[BlackTeamCountry "USA"]

1. e4 c6 2. d4 d5 3. Nd2 dxe4 4. Nxe4 Nd7 5. Nf3 Ngf6 6. Nxf6+ Nxf6 7. Bd3 Bg4 8. c3 e6 9. 0-0 Be7 10. Qe2 Qd5 11. b4 0-0 12. Be3 Bxf3 13. Qxf3 Qxf3 14. gxf3 Nd5 15. Rfc1 a5 16. b5 Ba3 17. Rc2 Rac8 18. bxc6 Rxc6 19. c4 Nb4 20. Rd2 Bb2 21. Rxb2 Nxd3 22. Rb3 Nb4 23. c5 Rd8 24. Rab1 h6 25. a3 Nc2 26. Rxb7 e5 27. Rb8 Rcc8 28. Rxc8 Rxc8 29. Rc1 Nxd4 30. Bxd4 exd4 31. Kf1 Re8 32. c6 d3 33. c7 d2 34. c8Q d1Q+ 35. Rxd1 Rxc8 36. Rd5 Ra8 37. Ke2 f6 38. Kd3 Kf7 39. Kc4 Ke6 40. Rb5 g5 41. Kd4 Rd8+ 42. Ke4 Rd2 43. Rxa5 Re2+ 44. Kd4 Rxf2 45. h4 Rxf3 46. hxg5 hxg5 47. Ke4 Rf4+ 48. Ke3 Rc4 49. a4 g4 50. Ra8 f5 51. a5 Rc3+ 52. Kf2 Ra3 53. a6 Ke5 54. a7 Kf4 55. Ke1 g3 56. Ke2 Ra2+ 57. Ke1 g2 58. Rg8 Rxa7 59. Kf2 Ra2+ 60. Kg1 Rd2 61. Rf8 Ke4 62. Ra8 f4 63. Rg8 Re2 64. Rg4 Ke3 65. Rg8 f3 66. Re8+ Kd2 67. Rg8 Re1+ 68. Kf2 Rf1+ 69. Kg3 g1Q+ 0-1

[Event "Pan American-ch U14"]
[Site "Cali"]
[Date "2015.07.01"]
[Round "5"]
[White "Shlionsky, Aaron"]
[Black "Sabogal Varela, Jose Joaquin"]
[Result "1-0"]
[WhiteElo "2122"]
[BlackElo "1754"]
[PlyCount "69"]
[EventDate "2015.06.28"]
[EventType "swiss"]
[EventRounds "9"]
[EventCountry "COL"]
[SourceTitle "EXT 2016"]
[Source "ChessBase"]
[SourceDate "2015.10.08"]
[SourceVersion "1"]
[SourceVersionDate "2015.10.08"]
[SourceQuality "1"]

1. e4 c5 2. Nf3 d6 3. d4 cxd4 4. Nxd4 Nf6 5. Nc3 a6 6. f4 e6 7. Be3 Be7 8. Be2 Qc7 9. 0-0 0-0 10. Bf3 Nc6 11. Qe1 Bd7 12. Qg3 b5 13. Nxc6 Bxc6 14. e5 Nd5 15. Nxd5 Bxd5 16. Bxd5 exd5 17. exd6 Bxd6 18. Bd4 f6 19. Qf2 Rfe8 20. Rae1 Rxe1 21. Qxe1 Bxf4 22. Qe6+ Kh8 23. Bxf6 Bxh2+ 24. Kh1 gxf6 25. Qxf6+ Kg8 26. Rf5 Bf4 27. Rxf4 Qg7 28. Qe6+ Kh8 29. Rf7 Qxb2 30. Qh6 Qa1+ 31. Kh2 Qe5+ 32. Kh3 Qc3+ 33. g3 Qc8+ 34. Kh4 Qc4+ 35. g4 1-0